An introduction to difference equations /
Guardado en:
| Autor Principal: | |
|---|---|
| Formato: | Libro |
| Idioma: | English |
| Publicado: |
New York :
Springer,
c2005.
|
| Edición: | 3rd ed. |
| Series: | Undergraduate texts in mathematics
|
| Materias: | |
| Acceso en línea: | Publisher description |
| Etiquetas: |
Agregar Etiqueta
Sin Etiquetas, Sea el primero en etiquetar este registro!
|
| LEADER | 00840cam a22002414a 4500 | ||
|---|---|---|---|
| 001 | MAT.inmabb004547 | ||
| 008 | 040910s2005####nyua#####b####001#0#eng## | ||
| 005 | 20130308105512.0 | ||
| 245 | 1 | 3 | |a An introduction to difference equations / |c Saber Elaydi. |
| 250 | |a 3rd ed. | ||
| 260 | |a New York : |b Springer, |c c2005. | ||
| 300 | |a xxii, 539 p. : |b il. ; |c 25 cm. | ||
| 440 | 0 | |a Undergraduate texts in mathematics | |
| 504 | |a Incluye referencias bibliográficas (p. 523-529) e índice. | ||
| 510 | 4 | |a MR, |c 2005j:39001 | |
| 020 | |a 0387230599 | ||
| 100 | 1 | |a Elaydi, Saber, |d 1943- | |
| 650 | 0 | |a Difference equations. | |
| 084 | |a 39-01 (39Axx) |2 msc2000 | ||
| 010 | |a 2004058916 | ||
| 040 | |a DLC |c DLC |d DLC | ||
| 856 | 4 | 2 | |3 Publisher description |u http://www.loc.gov/catdir/enhancements/fy0662/2004058916-d.html |
| 859 | |h 39 |i El37 |p A-8455 |b BIB. MATEMATICA | ||
